Henkilöt nimikirjaimilla BA-BZ - Statistics

Yleistilastot
  • Tätä visaa on pelattu 34 kertaa
  • Keskiarvotulos 8 / 26
Vastaustilastot
vihje henkilö % Oikein
BC / Yhdysvaltain 42. presidentti Bill Clinton
86%
BO / Yhdysvaltain 44. presidentti Barack Obama
83%
BG / Microsoftin perustaja Bill Gates
83%
BB / ruotsalainen tennispelaaja Björn Borg
83%
BM / italialainen hirmuhallitsija Benito Mussolini
72%
BJ / brittiläinen poliitikko Boris Johnson
52%
BN / israelilainen poliitikko Benjamin Netanjahu
45%
BL / hongkongilainen näyttelijä Bruce Lee
34%
BD / yhdysvaltalainen mieslaulaja Bob Dylan
31%
BP / yhdysvaltalainen miesnäyttelijä Brad Pitt
31%
BE / yhdysvaltalainen naislaulaja Billie Eilish
28%
BI / brittiläinen mieslaulaja Billy Idol
28%
BR / yhdysvaltalainen baseball-pelaaja Babe Ruth
24%
BH / suomalainen taloustieteilijä Bengt Holmström
24%
BA / yhdysvaltalainen miesnäyttelijä Ben Affleck
21%
BF / yhdysvaltalainen poliitikko Benjamin Franklin
21%
BS / yhdysvaltalainen naislaulaja Britney Spears
17%
BW / yhdysvaltalainen miesnäyttelijä Bruce Willis
10%
BK / yhdysvaltalainen elokuvaohjaaja Buster Keaton
10%
BT / puertoricolainen miesnäyttelijä Benicio del Toro
3%
BZ / yhdysvaltalainen miesnäyttelijä Billy Zane
3%
BX / brasilialainen naisnäyttelijä Babi Xavier
0%
BY / yhdysvaltalainen naisnäyttelijä Bellamy Young
0%
BV / ranskalainen jazz-muusikko Boris Vian
0%
BQ / yhdysvaltalainen amerikkalaisen jalkapallon pelaaja Brady Quinn
0%
BU / yhdysvaltalainen mieslaulaja Brendon Urie
0%
Ehtoja vastaavia visoja ei löytynyt
Tulosjakauma
Jokaisen tuloksen saaneiden osuus
Persentiili vastausten määrän mukaan
Tuloshistoriasi
Et ole pelannut tätä visaa